LEADER 00937nam0-22003011i-450 001 990005069470403321 005 20190507114839.0 035 $a000506947 100 $a19990604d1968----km-y0itay50------ba 101 0 $aeng$agrc 102 $aNL 105 $ay-------001by 200 1 $a<>Wasps$dSphekes$fof Aristophanes$gwith introduction metrical analysis critical notes and commentary by W.M. Starkie 210 $aAmsterdam$cA.M. Hakkert$d1968 215 $aXCIV, 452 p.$d23 cm 300 $aTesto originale a fronte 500 10$aVespae$m$917941 610 0 $aAristofane. Le vespe 676 $a882.01$v22$zita 700 0$aAristophanes$f$0160835 702 1$aStarkie,$bW.J.M. 801 0$aIT$bUNINA$gRICA$2UNIMARC 901 $aBK 912 $a990005069470403321 952 $aIV 11$bBibl. 43273$fFLFBC 959 $aFLFBC 996 $aVespae$917941 997 $aUNINA LEADER 01380nam2-2200385---450- 001 990003534230203316 005 20110527101056.0 010 $a978-88-348-1723-0$brilegato 035 $a000353423 035 $aUSA01000353423 035 $a(ALEPH)000353423USA01 035 $a000353423 100 $a20110527d2011----km-y0itay0103----ba 101 $aita 102 $aIT 105 $a||||||||001yy 200 1 $a<><> procedimenti speciali di cognizione, l'efficacia delle sentenze straniere, l'arbitrato, la mediazione$fCrisanto Mandrioli 205 $a21. ed. aggiornata$fa cura di Antonio Carratta 210 $aTorino$cGiappichelli$d2011 215 $aXIV, 476 p.$d24 cm 461 0$1001000353415$12001$aDiritto processuale civile 606 0 $aDiritto processuale civile$2BNCF 676 $a347.4505 700 1$aMANDRIOLI,$bCrisanto$0227204 801 0$aIT$bsalbc$gISBD 912 $a990003534230203316 951 $aXXVII.1.B. 385 3$b71260 G.$cXXVII.1.B. 385/$d00296878 959 $aBK 969 $aGIU 979 $aFIORELLA$b90$c20110527$lUSA01$h0941 979 $aFIORELLA$b90$c20110527$lUSA01$h0941 979 $aFIORELLA$b90$c20110527$lUSA01$h0950 979 $aFIORELLA$b90$c20110527$lUSA01$h1010 996 $aProcedimenti speciali di cognizione, l'efficacia delle sentenze straniere, l'arbitrato, la mediazione$967061 997 $aUNISA LEADER 00830nam a2200241 i 4500 001 991004362437607536 005 20250116171433.0 008 250116s1973 fr er 001 0 fre d 040 $aBibl. Dip.le Aggr. Studi Umanistici - Sez. Filosofia$bita$cSocioculturale Scs 041 1 $afre$hger 082 04$a193$223 100 1 $aFeuerbach, Ludwig$0321265 245 10$aManifestes philosophiques :$btextes choisis (1839-1845) /$cLudwig Feuerbach ; traduit de l'allemand par Louis Althusser 260 $aParis :$bUnion générale d'éditions,$c1973 300 $a315 p. ;$c18 cm 490 1 $a10/18 ;$v802 650 4$aFilosofia tedesca$ySec. 19. 650 4$aCristianesimo 700 1 $aAlthusser, Louis 830 0$a10/18 ;$v802 912 $a991004362437607536 996 $aManifestes philosophiques$9212079 997 $aUNISALENTO